| 000 | 00699cam a2200217 a 4500 | ||
|---|---|---|---|
| 001 | 000010014 | ||
| 005 | 20200929161813.0 | ||
| 008 | 800508s1979 mx a 000 p spa | ||
| 040 |
_aDO-SdBNP _bspa _cDLC _dBNPHU |
||
| 082 |
_aMe861.44 _bC827ó |
||
| 100 | 1 |
_aCortázar, Enrique. _d1944- _924961 |
|
| 245 | 1 | 0 |
_aOtras cosas y el otoño / _cEnrique Cortázar; prefacio Jorge Galván Meza. |
| 260 |
_aMéxico : _bEditorial Diana, _c1979. |
||
| 300 |
_a148 p. : _bil. ; _c20 cm. |
||
| 650 | 4 |
_aPoesía mexicana _99120 |
|
| 650 | 4 |
_aLiteratura mexicana _91922 |
|
| 650 | 4 |
_aPoesía amorosa _99227 |
|
| 700 | 1 |
_aGalván Meza, Jorge _epref. _924962 |
|
| 910 | _aCatalogación por copia / LC | ||
| 049 | _aBNGR | ||
| 999 |
_c9773 _d9773 |
||